Manual de procedimientos para la automatización en la dosificación de químicos en una planta de tratamiento de agua

Presenta un manual que brinda orientaciones sobre cómo se debe automatizar el proceso de dosificación exacta de los químicos en una planta de tratamiento de agua. Muestra los beneficios de un proceso controlado mediante la dosificación exacta de los químicos que ayudan a eliminar los contaminan...

Full description

Bibliographic Details
Main Authors: Urbina Cantillano, José Daniel, Soza Téllez, Jonathann Santiago, Varela Toruño, Christopher Alexander
Other Authors: Tutor: Flores Quintana, Gloria Thalía
Format: Tesis Section = Libro
Language:Undetermined
Spanish
Published: Managua UNI 2010
Subjects:
LEADER 01828nam a2200289Ia 4500
008 240830s9999 xx 000 0 und d
040 |a BIBLIOTECA-RUSB/ T.Mon 628.1622 U73 
041 |a spa 
082 |a T.Mon 628.1622 U73 
100 1 |a Urbina Cantillano, José Daniel 
100 1 |b Soza Téllez, Jonathann Santiago 
100 1 |c Varela Toruño, Christopher Alexander 
245 1 0 |a Manual de procedimientos para la automatización en la dosificación de químicos en una planta de tratamiento de agua 
260 |a Managua  |b UNI  |c 2010 
300 |a 43 p. :il. 
500 |a Tesina programa Universidad en Línea UNI - On Line 
502 |a Tesis (Ingeniero Electrónico e Ingeniero en Computación) - UNI, 2010. 
520 3 |a Presenta un manual que brinda orientaciones sobre cómo se debe automatizar el proceso de dosificación exacta de los químicos en una planta de tratamiento de agua. Muestra los beneficios de un proceso controlado mediante la dosificación exacta de los químicos que ayudan a eliminar los contaminantes en el agua. Orienta sobre los parámetros de diseño necesarios para la implementación de un sistema automatizado y sus requerimientos técnicos, cuáles serían sus ventajas, desventajas, posibles problemas y orientaciones. Finalmente muestra algunos equipos básicos que se utilizan en la industria con el propósito de sugerir la utilización del mejor equipo existente. 
650 7 |a TRATAMIENTO DE AGUA - COAGULACIÓN - FLOCULACIÓN 
650 7 |b  PROCESO DE TRATAMIENTOS DE AGUA 
650 7 |c  PLANTAS PARA TRATAMIENTOS DE AGUA 
650 7 |d  PURIFICACIÓN DE AGUAS RESIDUALES - FLOCULACIÓN 
650 7 |e  AUTOMATIZACIÓN DE INDUSTRIAS QUÍMICAS 
700 1 |a Tutor:  |b Flores Quintana, Gloria Thalía 
942 |c BK  |2 ddc 
991 |a TESIS 
999 |c 21882